[Event "SuperUnited Croatia"]
[Site "Zagreb CRO"]
[Date "2022.07.24"]
[EventDate "2022-07-23"]
[Round "14.2"]
[Result "0-1"]
[White "Ian Nepomniachtchi"]
[Black "Alireza Firouzja"]
[WhiteElo "2766"]
[BlackElo "2793"]
[PlyCount "58"]

1. e4 e5 2. Nf3 Nc6 3. Bc4 Nf6 4. d3 Bc5 5. O-O d6 6. c3 O-O 7. Re1 a5 8. h3 Ba7
9. Na3 Ne7 10. Nb5 Bb6 11. d4 exd4 12. Nbxd4 Ng6 13. Bb3 h6 14. Qc2 Ne5 15. Bf4
Re8 16. Rad1 Bd7 17. a4 Qc8 18. Bh2 c5 19. Nxe5 dxe5 20. Nf5 Bxf5 21. exf5 c4
22. Ba2 e4 23. Rd6 Bc5 24. Rxf6 gxf6 25. Rxe4 Qxf5 26. Be5 Rxe5 27. Rg4+ Kf8 28.
Qc1 Qxf2+ 29. Kh2 Rg5 0-1

[Event "SuperUnited Croatia"]
[Site "Zagreb CRO"]
[Date "2022.07.24"]
[EventDate "2022-07-23"]
[Round "15.3"]
[Result "1-0"]
[White "Alireza Firouzja"]
[Black "Shakhriyar Mamedyarov"]
[WhiteElo "2793"]
[BlackElo "2759"]
[PlyCount "86"]

1. e4 e5 2. Nf3 Nf6 3. Nxe5 d6 4. Nf3 Nxe4 5. d4 d5 6. Bd3 Be7 7. O-O Bf5 8. Re1
Nc6 9. Nbd2 Nxd2 10. Qxd2 Bg6 11. Bb5 O-O 12. Bxc6 bxc6 13. Qc3 Bd6 14. Qxc6 Be4
15. Ng5 Qf6 16. Qc3 Bg6 17. Bd2 Rab8 18. a3 h6 19. Nf3 Be4 20. Ne5 Bxe5 21. dxe5
Qg6 22. f3 Bxc2 23. b4 Rfc8 24. Be3 a6 25. Rac1 Ba4 26. Bd4 c6 27. f4 Re8 28.
Re3 Qf5 29. Rf1 Bb5 30. Rf2 Bc4 31. h3 a5 32. Kh2 axb4 33. axb4 Rb7 34. Rg3 Re6
35. Qa3 Kh7 36. Re3 h5 37. Rg3 Rg6 38. Rxg6 fxg6 39. Bc5 h4 40. Qf3 Rf7 41. Qg4
g5 42. e6 Rf6 43. Qxf5+ 1-0

[Event "SuperUnited Croatia"]
[Site "Zagreb CRO"]
[Date "2022.07.24"]
[EventDate "2022-07-23"]
[Round "16.4"]
[Result "0-1"]
[White "Ivan Saric"]
[Black "Alireza Firouzja"]
[WhiteElo "2680"]
[BlackElo "2793"]
[PlyCount "102"]

1. e4 e5 2. Nf3 Nc6 3. Bb5 a6 4. Ba4 Nf6 5. O-O b5 6. Bb3 Bb7 7. d3 Bc5 8. a4
O-O 9. Nbd2 d6 10. c3 Bb6 11. h3 Ne7 12. Re1 Ng6 13. Nf1 Re8 14. Ng3 Rb8 15.
axb5 axb5 16. Bd2 Bc8 17. d4 Bb7 18. Bc2 exd4 19. cxd4 c5 20. d5 c4 21. Bc3 Bc5
22. Qd2 Bc8 23. Bd4 Nd7 24. Nf5 Nde5 25. Nxe5 Nxe5 26. Bxc5 dxc5 27. Ng3 Bxh3
28. f4 Qh4 29. fxe5 Qxg3 30. Ra3 Qxe5 31. Rxh3 b4 32. Qf2 g6 33. Rf3 Qxb2 34.
Ba4 Qxf2+ 35. Kxf2 Re5 36. d6 Rd8 37. d7 c3 38. Rd3 c4 39. Rd5 f6 40. Rd6 b3 41.
Rc6 Ra5 42. Rxc4 Rxa4 43. Rxa4 Rxd7 44. Rc4 c2 45. Ke2 Rb7 46. Kd2 Rd7+ 47. Kc1
Rd3 48. Rc8+ Kg7 49. Rf1 Rd4 50. Rc3 Ra4 51. Kd2 0-1

[Event "SuperUnited Croatia"]
[Site "Zagreb CRO"]
[Date "2022.07.24"]
[EventDate "2022-07-23"]
[Round "17.4"]
[Result "0-1"]
[White "Magnus Carlsen"]
[Black "Alireza Firouzja"]
[WhiteElo "2864"]
[BlackElo "2793"]
[PlyCount "108"]

1. d4 Nf6 2. c4 e6 3. Nf3 d5 4. Nc3 dxc4 5. e4 b5 6. Nxb5 Nxe4 7. Qa4 Nd7 8.
Qxc4 Bd6 9. Nxd6+ Nxd6 10. Qc2 Bb7 11. Bg5 Qc8 12. Rc1 Nf5 13. Qxc7 Qxc7 14.
Rxc7 Bxf3 15. gxf3 Nxd4 16. Be3 Ne5 17. Bg2 Rd8 18. Rxa7 Nd3+ 19. Kd2 Nf4 20.
Bxd4 e5 21. Bf1 Rxd4+ 22. Kc2 O-O 23. Rc7 Ne6 24. Rc4 Rd6 25. Rc3 Rfd8 26. Bc4
Rd2+ 27. Kb1 Nd4 28. Rf1 Rb8 29. b3 g5 30. h3 Kg7 31. Rd3 Rxd3 32. Bxd3 Nxf3 33.
Kb2 e4 34. Be2 f5 35. Rd1 h5 36. Rd5 Kf6 37. a4 h4 38. a5 g4 39. hxg4 fxg4 40.
a6 h3 41. Bf1 Ng5 42. Kc3 e3 43. fxe3 g3 44. Rd4 Kf5 45. Rf4+ Ke5 46. Bxh3 Nxh3
47. Rg4 Nf2 48. Rg7 Kf6 49. Rxg3 Ne4+ 50. Kc4 Nxg3 51. b4 Ne4 52. Kd5 Rxb4 53.
Kc6 Ra4 54. Kb6 Nd6 0-1

[Event "SuperUnited Croatia"]
[Site "Zagreb CRO"]
[Date "2022.07.24"]
[EventDate "2022-07-23"]
[Round "18.4"]
[Result "1-0"]
[White "Alireza Firouzja"]
[Black "Van Foreest, Jorden"]
[WhiteElo "2793"]
[BlackElo "2678"]
[PlyCount "168"]

1. d4 d5 2. c4 c6 3. Nf3 Nf6 4. e3 Bf5 5. Nc3 e6 6. Nh4 Be4 7. f3 Bg6 8. Qb3 Qb6
9. Bd2 Nbd7 10. O-O-O Qxb3 11. axb3 Bb4 12. Nxg6 hxg6 13. Be2 O-O-O 14. Kc2 g5
15. h3 Bd6 16. Be1 Nh5 17. Bd3 Bg3 18. Bd2 Bc7 19. Ne2 Ng3 20. Nxg3 Bxg3 21.
Rhf1 Nf6 22. Bc3 Nh5 23. Rd2 Bc7 24. Ra1 a6 25. Rf2 f5 26. e4 Nf4 27. Bf1 dxe4
28. fxe4 fxe4 29. g3 e3 30. Rh2 Nh5 31. Re2 Nxg3 32. Rxe3 Rdf8 33. Bd3 Rxh3 34.
Rxe6 Rh2+ 35. Kb1 Rf1+ 36. Ka2 Rxa1+ 37. Kxa1 Rh1+ 38. Ka2 Rd1 39. Bc2 Rc1 40.
Bb1 g4 41. Re8+ Kd7 42. Rg8 Ne2 43. Rxg7+ Kc8 44. Rg8+ Kd7 45. Bd2 Rf1 46. Rg7+
Kc8 47. Rg8+ Kd7 48. Rxg4 Bf4 49. Rg7+ Kc8 50. Bd3 Bxd2 51. Bxe2 Rf2 52. Re7 Kd8
53. Re4 Bb4 54. Kb1 Bd6 55. Kc2 Rf4 56. Kd3 Rxe4 57. Kxe4 c5 58. Kd5 Be7 59.
dxc5 a5 60. c6 Kc7 61. cxb7 Kxb7 62. c5 Kc7 63. Kc4 Bf6 64. Kb5 Bd4 65. Bf3 Be3
66. b4 axb4 67. Kxb4 Kb8 68. Kb5 Ka7 69. b4 Bd2 70. Kc4 Be1 71. Kb5 Bd2 72. Ka4
Be3 73. Kb3 Bd2 74. Kc4 Be1 75. b5 Bf2 76. Kd5 Kb8 77. Kc6 Bg3 78. b6 Bh4 79.
Be4 Be7 80. Kb5 Bf6 81. Bg2 Be7 82. c6 Bd8 83. Bh3 Ka8 84. c7 1-0

[Event "FTX Crypto Cup"]
[Site "Miami, FL USA"]
[Date "2022.08.16"]
[EventDate "2022.08.15"]
[Round "2.1"]
[Result "1/2-1/2"]
[White "Alireza Firouzja"]
[Black "Quang Liem Le"]
[WhiteElo "2778"]
[BlackElo "2728"]
[PlyCount "88"]

1. e4 e5 2. Nf3 Nc6 3. Bb5 a6 4. Ba4 Nf6 5. O-O Be7 6. Re1 b5 7. Bb3 d6 8. c3
O-O 9. h3 Bb7 10. d4 Re8 11. Nbd2 Bf8 12. a3 h6 13. Bc2 Nb8 14. b3 Nbd7 15. Bb2
g6 16. a4 Bg7 17. Bd3 bxa4 18. Rxa4 d5 19. dxe5 Nxe4 20. Nxe4 dxe4 21. Bxe4 Bxe4
22. Raxe4 Nxe5 23. Nxe5 Qxd1 24. Rxd1 Rxe5 25. Rxe5 Bxe5 26. Rd5 Bg7 27. Kf1 a5
28. Rb5 Kf8 29. Ke2 Ke8 30. Kd3 Kd7 31. Bc1 a4 32. b4 a3 33. Ra5 Rxa5 34. bxa5
Bf8 35. Kc2 Kc6 36. c4 Kb7 37. Kb3 Ka6 38. Bd2 h5 39. f3 Bd6 40. Be1 c6 41. Bd2
Be7 42. Be1 Bd6 43. Bd2 Be7 44. Be1 Bd6 1/2-1/2

[Event "FTX Crypto Cup"]
[Site "Miami, FL USA"]
[Date "2022.08.16"]
[EventDate "2022.08.15"]
[Round "2.2"]
[Result "0-1"]
[White "Quang Liem Le"]
[Black "Alireza Firouzja"]
[WhiteElo "2728"]
[BlackElo "2778"]
[PlyCount "60"]

1. d4 Nf6 2. c4 e6 3. Nf3 d5 4. Nc3 c5 5. cxd5 cxd4 6. Qxd4 exd5 7. e4 dxe4 8.
Qxd8+ Kxd8 9. Ng5 Be6 10. Nxe6+ fxe6 11. Bd2 Nbd7 12. g3 Rc8 13. Bg2 Bb4 14.
Nxe4 Bxd2+ 15. Nxd2 Ke7 16. Ke2 Rc2 17. b3 Rhc8 18. Bxb7 R8c7 19. Bg2 Ne5 20.
Rhd1 Rd7 21. a4 Nd3 22. a5 Ng4 23. Be4 Ngxf2 24. Bxd3 Nxd3 25. Ra4 Nb2 26. Ra2
e5 27. Kf3 Rdxd2 28. Rxd2 Rxd2 29. b4 Nc4 30. Ra4 Nd6 0-1

[Event "FTX Crypto Cup"]
[Site "Miami, FL USA"]
[Date "2022.08.16"]
[EventDate "2022.08.15"]
[Round "2.3"]
[Result "1-0"]
[White "Alireza Firouzja"]
[Black "Quang Liem Le"]
[WhiteElo "2778"]
[BlackElo "2728"]
[PlyCount "170"]

1. e4 e5 2. Nf3 Nc6 3. Bb5 a6 4. Ba4 Nf6 5. O-O b5 6. Bb3 Bc5 7. c3 d6 8. d4 Bb6
9. Re1 O-O 10. Bg5 h6 11. Bh4 exd4 12. Bd5 Bd7 13. cxd4 g5 14. Bxc6 Bxc6 15. Qc1
Bxe4 16. Nxg5 hxg5 17. Qxg5+ Bg6 18. Qxf6 Qxf6 19. Bxf6 Rfe8 20. Nc3 c6 21. d5
c5 22. Ne2 Re4 23. f3 c4+ 24. Kf1 Re3 25. Nf4 Bf5 26. Re2 Rae8 27. Rae1 b4 28.
Rxe3 Rxe3 29. Rc1 Bd3+ 30. Nxd3 cxd3 31. Re1 d2 32. Rd1 b3 33. axb3 Ba5 34. Bc3
Bxc3 35. bxc3 Rxc3 36. Rxd2 Rxb3 37. Ra2 Rb6 38. Kf2 Kg7 39. g4 Kf6 40. f4 Rb5
41. Rxa6 Rxd5 42. h4 Rd1 43. h5 Ke6 44. Ra2 Kf6 45. Ra5 Rh1 46. Kg2 Rh4 47. Kg3
Rh1 48. Ra2 d5 49. Ra6+ Ke7 50. h6 d4 51. Kf3 Rh3+ 52. Ke4 d3 53. g5 d2 54. Ra1
Ke6 55. Rd1 Rh2 56. f5+ Ke7 57. Ke3 f6 58. g6 Rxh6 59. Rxd2 Rh5 60. Kf4 Rh4+ 61.
Kf3 Rh5 62. Re2+ Kf8 63. Kg4 Rg5+ 64. Kf4 Rg1 65. Re6 Rf1+ 66. Kg4 Rg1+ 67. Kf4
Rf1+ 68. Ke4 Re1+ 69. Kd5 Rd1+ 70. Kc6 Kg7 71. Re7+ Kg8 72. Rf7 Ra1 73. Kd7 Ra7+
74. Ke8 Ra5 75. Rxf6 Re5+ 76. Kd7 Kg7 77. Rf7+ Kg8 78. Kd6 Ra5 79. Ke6 Ra6+ 80.
Ke5 Ra5+ 81. Kf6 Ra6+ 82. Kg5 Ra5 83. Rb7 Rc5 84. Kh6 Rxf5 85. Rb8+ 1-0

[Event "FTX Crypto Cup"]
[Site "Miami, FL USA"]
[Date "2022.08.19"]
[EventDate "2022.08.15"]
[Round "5.1"]
[Result "1/2-1/2"]
[White "Hans Moke Niemann"]
[Black "Alireza Firouzja"]
[WhiteElo "2687"]
[BlackElo "2778"]
[PlyCount "90"]

1. d4 Nf6 2. c4 e6 3. Nf3 d5 4. g3 dxc4 5. Bg2 c5 6. O-O Nc6 7. dxc5 Qxd1 8.
Rxd1 Bxc5 9. Nbd2 c3 10. bxc3 O-O 11. c4 Rd8 12. Bb2 Bd7 13. Ne1 Rac8 14. Nb3
Be7 15. Nd3 b6 16. c5 Be8 17. cxb6 axb6 18. Rac1 Nd5 19. Nd4 Nxd4 20. Bxd4 Bf6
21. Bxf6 Nxf6 22. Bf3 Kf8 23. Rb1 b5 24. Rdc1 Ke7 25. Kf1 Rxc1+ 26. Rxc1 Rd7 27.
Nb4 Ra7 28. Rc3 Kd6 29. Ke1 Rc7 30. Rd3+ Ke7 31. Kd2 Nd7 32. Rc3 Rxc3 33. Kxc3
Kd6 34. Nd3 e5 35. e3 f5 36. Be2 Nf6 37. a3 Bf7 38. f4 exf4 39. exf4 Bc4 40. Kd4
Ne8 41. Nc1 Bxe2 42. Nxe2 Nc7 43. Kd3 g6 44. Nd4 Kd5 45. Nf3 1/2-1/2

[Event "FTX Crypto Cup"]
[Site "Miami, FL USA"]
[Date "2022.08.19"]
[EventDate "2022.08.15"]
[Round "5.2"]
[Result "1-0"]
[White "Alireza Firouzja"]
[Black "Hans Moke Niemann"]
[WhiteElo "2778"]
[BlackElo "2687"]
[PlyCount "62"]

1. e4 e5 2. Nf3 Nc6 3. Bb5 Nf6 4. d3 Bc5 5. Bxc6 dxc6 6. Nbd2 Be6 7. O-O Qd6 8.
Kh1 h6 9. a3 a5 10. b3 O-O 11. Bb2 Nd7 12. Qe2 Rfe8 13. Rfd1 a4 14. b4 Ba7 15.
Nc4 Bxc4 16. dxc4 Qe6 17. Rd2 f6 18. c5 b6 19. Rad1 Nf8 20. cxb6 Bxb6 21. Nh4 c5
22. b5 Kh7 23. Nf5 Qf7 24. Bc1 h5 25. Rd5 g6 26. Nh6 Qg7 27. g4 Ne6 28. gxh5 Nd4
29. hxg6+ Qxg6 30. Rd7+ Kh8 31. Qe3 1-0

[Event "FTX Crypto Cup"]
[Site "Miami, FL USA"]
[Date "2022.08.21"]
[EventDate "2022.08.15"]
[Round "7.1"]
[Result "1/2-1/2"]
[White "Levon Aronian"]
[Black "Alireza Firouzja"]
[WhiteElo "2775"]
[BlackElo "2778"]
[PlyCount "98"]

1. c4 e5 2. Nc3 Nf6 3. Nf3 Nc6 4. e4 Bb4 5. d3 d6 6. Be2 Bc5 7. O-O Bg4 8. Kh1
O-O 9. Be3 a5 10. h3 Bxf3 11. Bxf3 Nd4 12. g3 Ne6 13. Bd2 c6 14. Bg2 Nd7 15. f4
exf4 16. gxf4 f5 17. exf5 Nd4 18. Ne4 Nxf5 19. Qg4 Bd4 20. Rae1 Nc5 21. Nxc5
dxc5 22. Be4 Qf6 23. Bc3 Bxc3 24. bxc3 g6 25. Bxf5 Qxf5 26. Re7 Qxg4 27. hxg4
Rf7 28. Rxf7 Kxf7 29. Rb1 Rb8 30. a4 h5 31. Kg2 Kf6 32. Kf3 Rd8 33. Rd1 hxg4+
34. Kxg4 Re8 35. Rb1 Re7 36. d4 cxd4 37. cxd4 Re4 38. d5 g5 39. Rxb7 Rxf4+ 40.
Kg3 cxd5 41. cxd5 Rxa4 42. d6 Rd4 43. Ra7 a4 44. d7 Ke7 45. Kf3 Rxd7 46. Rxa4
g4+ 47. Kxg4 Kd6 48. Rd4+ Kc6 49. Rxd7 Kxd7 1/2-1/2

[Event "FTX Crypto Cup"]
[Site "Miami, FL USA"]
[Date "2022.08.21"]
[EventDate "2022.08.15"]
[Round "7.2"]
[Result "1/2-1/2"]
[White "Alireza Firouzja"]
[Black "Levon Aronian"]
[WhiteElo "2778"]
[BlackElo "2775"]
[PlyCount "120"]

1. e4 e5 2. Nf3 Nc6 3. Bb5 a6 4. Ba4 Nf6 5. O-O Be7 6. d3 b5 7. Bb3 d6 8. c3 O-O
9. h3 Re8 10. Re1 Bf8 11. Nbd2 h6 12. d4 Bb7 13. Bc2 Nb8 14. b3 Nbd7 15. Bb2 c6
16. c4 exd4 17. Nxd4 g6 18. cxb5 axb5 19. a4 bxa4 20. bxa4 Bg7 21. Nc4 Nb6 22.
Nxb6 Qxb6 23. Rb1 Qc7 24. Bc3 Ba6 25. Nf3 d5 26. exd5 Rxe1+ 27. Nxe1 Rd8 28.
Bxf6 Bxf6 29. Qf3 Rd6 30. dxc6 Qxc6 31. Qxc6 Rxc6 32. Bd3 Bxd3 33. Nxd3 Rc4 34.
a5 Ra4 35. Rb6 Kg7 36. a6 Ra3 37. Rd6 Kf8 38. Rxf6 Rxd3 39. Kf1 Rd2 40. Rb6 Ra2
41. g4 h5 42. g5 h4 43. Ke1 Kg7 44. Rf6 Ra5 45. f4 Ra3 46. Rb6 Rxh3 47. a7 Ra3
48. Rb7 Ra4 49. Ke2 h3 50. Kf3 Ra2 51. Kg3 h2 52. Rb1 Rxa7 53. Kxh2 f6 54. gxf6+
Kxf6 55. Kg3 Ra2 56. Rb6+ Kf5 57. Rb5+ Kf6 58. Rb6+ Kf5 59. Rb5+ Kf6 60. Rb6+ 1/2-1/2

[Event "FTX Crypto Cup"]
[Site "Miami, FL USA"]
[Date "2022.08.21"]
[EventDate "2022.08.15"]
[Round "7.3"]
[Result "1/2-1/2"]
[White "Levon Aronian"]
[Black "Alireza Firouzja"]
[WhiteElo "2775"]
[BlackElo "2778"]
[PlyCount "118"]

1. c4 e5 2. Nc3 Nf6 3. Nf3 Nc6 4. e4 Bb4 5. d3 d6 6. Be2 Bc5 7. O-O O-O 8. Nd2
a5 9. Nb3 Bb6 10. Na4 Ba7 11. Kh1 Bd7 12. f4 h6 13. Nc3 Bb6 14. a4 Nd4 15. Nxd4
Bxd4 16. Qe1 exf4 17. Bxf4 Nh7 18. Qg3 Kh8 19. Rab1 Ng5 20. Nb5 Bxb5 21. cxb5
Ne6 22. Bd2 Be5 23. Qh3 Kh7 24. Bg4 Nd4 25. Rf2 Qe7 26. Rbf1 c6 27. Bf5+ Nxf5
28. exf5 Bf6 29. Re1 Qd8 30. g4 Bh4 31. f6 Bxf6 32. Rf5 Kg8 33. Bxh6 Bh4 34. g5
Bxe1 35. Bxg7 Kxg7 36. Qh6+ Kg8 37. g6 Qh4 38. Rh5 Qxh5 39. Qxh5 Kg7 40. Qh7+
Kf6 41. g7 Rg8 42. Qh6+ Ke7 43. Qe3+ Kd7 44. Qxe1 Rxg7 45. Qf2 Rag8 46. Qb6 f5
47. h3 cxb5 48. Qxb5+ Ke6 49. Qb3+ Ke5 50. Qb6 Rg3 51. Kh2 Rg2+ 52. Kh1 R2g3 53.
Kh2 f4 54. Qxb7 d5 55. Qc7+ Kf5 56. Qf7+ Ke5 57. Qc7+ Kf5 58. Qf7+ Ke5 59. Qc7+ 1/2-1/2

[Event "FTX Crypto Cup"]
[Site "Miami, FL USA"]
[Date "2022.08.21"]
[EventDate "2022.08.15"]
[Round "7.4"]
[Result "1-0"]
[White "Alireza Firouzja"]
[Black "Levon Aronian"]
[WhiteElo "2778"]
[BlackElo "2775"]
[PlyCount "82"]

1. e4 e5 2. Nf3 Nc6 3. Bb5 Nf6 4. d3 Bc5 5. c3 O-O 6. O-O Re8 7. Bg5 a6 8. Bxc6
dxc6 9. h3 Bf8 10. Qe2 Qd6 11. Nbd2 Nd7 12. Bh4 a5 13. Bg3 b6 14. Nc4 Qf6 15.
Nfd2 b5 16. Ne3 Qd8 17. Rad1 a4 18. a3 Nc5 19. Nf3 f6 20. Qc2 Be6 21. d4 Nd7 22.
c4 Qe7 23. dxe5 fxe5 24. Bxe5 Bxh3 25. Bxc7 Be6 26. Bd6 Qf6 27. e5 Qh6 28. Nd4
Bxd6 29. exd6 Ne5 30. cxb5 cxb5 31. Nxe6 Rxe6 32. f4 Nf7 33. Nf5 Qf6 34. Ne7+
Kh8 35. Nd5 Qh4 36. Qf5 Re2 37. Nc3 Re3 38. d7 Kg8 39. Nxb5 Rd8 40. Nd4 Nh6 41.
Qg5 1-0

[Event "Saint Louis Rapid & Blitz"]
[Site "Saint Louis, MO USA"]
[Date "2022.08.26"]
[EventDate "2022.08.26"]
[Round "1.4"]
[Result "1-0"]
[White "Alireza Firouzja"]
[Black "Shakhriyar Mamedyarov"]
[WhiteElo "2778"]
[BlackElo "2758"]
[PlyCount "92"]

1. c4 e5 2. g3 Be7 3. Nc3 d6 4. d4 f5 5. Bh3 exd4 6. Qxd4 Nc6 7. Qd3 Bf6 8. Bxf5
Bxc3+ 9. bxc3 Ne5 10. Qc2 Bxf5 11. Qxf5 Qd7 12. Qxd7+ Kxd7 13. c5 dxc5 14. Bf4
Ng6 15. Rd1+ Kc6 16. Nf3 Re8 17. h4 h5 18. Ng5 Nf6 19. f3 Nd5 20. Bd2 Nb6 21. e4
Nc4 22. Ke2 b5 23. Be1 Nb2 24. Rd5 Na4 25. Bd2 Ne7 26. Re5 Nc8 27. Re6+ Nd6 28.
Rg6 Rh6 29. Rxg7 Nf5 30. Nh3 Rf6 31. Rg5 b4 32. Rc1 a5 33. Nf4 bxc3 34. Bxc3
Nxg3+ 35. Rxg3 Rxf4 36. Be1 Rf6 37. Rg5 Ref8 38. Rg3 Rd6 39. Bxa5 Nb2 40. Rc2
Nd3 41. Bd2 Nf4+ 42. Bxf4 Rxf4 43. Rg5 Rxh4 44. Rgxc5+ Kb6 45. Rxc7 Rh1 46. R7c3 1-0

[Event "Saint Louis Rapid & Blitz"]
[Site "Saint Louis, MO USA"]
[Date "2022.08.26"]
[EventDate "2022.08.26"]
[Round "3.3"]
[Result "1/2-1/2"]
[White "Alireza Firouzja"]
[Black "Sam Shankland"]
[WhiteElo "2778"]
[BlackElo "2720"]
[PlyCount "106"]

1. e4 e5 2. Nf3 Nc6 3. Bb5 Nf6 4. d3 Bc5 5. Bxc6 dxc6 6. Nbd2 Bd6 7. Nc4 Qe7 8.
h3 Nd7 9. O-O Nb6 10. Ne3 f6 11. a4 Be6 12. a5 Nd7 13. d4 g6 14. a6 b6 15. c4 c5
16. dxc5 Nxc5 17. Nd5 Qf7 18. Re1 O-O 19. b4 Nd7 20. b5 Nc5 21. Qc2 Rac8 22. Bh6
Rfd8 23. Rad1 c6 24. bxc6 Nxa6 25. Nxf6+ Qxf6 26. Bg5 Qg7 27. Bxd8 Rxd8 28. Rd2
Qc7 29. Qb2 Be7 30. Rxd8+ Bxd8 31. Qxe5 Qxe5 32. Nxe5 Nb4 33. c5 b5 34. Rd1 Bc7
35. Rd6 Bxd6 36. cxd6 Kf8 37. f4 a5 38. g4 Nxc6 39. Nxc6 a4 40. f5 gxf5 41. gxf5
a3 42. fxe6 a2 43. d7 a1=Q+ 44. Kg2 Qb2+ 45. Kf3 Qc3+ 46. Kg4 h5+ 47. Kxh5 Qxh3+
48. Kg5 Qg3+ 49. Kf5 Qf2+ 50. Kg4 Qg2+ 51. Kf5 Qf2+ 52. Kg4 Qg2+ 53. Kf5 Qf2+ 1/2-1/2

[Event "Saint Louis Rapid & Blitz"]
[Site "Saint Louis, MO USA"]
[Date "2022.08.27"]
[EventDate "2022.08.26"]
[Round "4.5"]
[Result "1/2-1/2"]
[White "Jeffery Xiong"]
[Black "Alireza Firouzja"]
[WhiteElo "2690"]
[BlackElo "2778"]
[PlyCount "86"]

1. e4 e5 2. Nf3 Nc6 3. Nc3 Nf6 4. d4 exd4 5. Nxd4 Bb4 6. Nxc6 bxc6 7. Bd3 d5 8.
exd5 O-O 9. O-O cxd5 10. h3 c6 11. Qf3 Bd6 12. Bf4 Rb8 13. b3 Rb4 14. Ne2 Bxf4
15. Nxf4 Qd6 16. c4 a5 17. Rfd1 a4 18. Bc2 axb3 19. Bxb3 Ba6 20. Rac1 Rd8 21.
Ne2 Qe5 22. Nd4 Bb7 23. Nf5 Bc8 24. Ne3 d4 25. c5 d3 26. Nc4 Qxc5 27. Rxd3 Rxd3
28. Qxd3 Be6 29. Qd2 Ne4 30. Qf4 Nf6 31. Ne5 Qf8 32. Qf3 Bxb3 33. axb3 c5 34.
Ra1 Qe8 35. Ra8 Rb8 36. Rxb8 Qxb8 37. Qc3 h6 38. Qxc5 Qxb3 39. Qc8+ Kh7 40. Qf5+
Kg8 41. Qc8+ Kh7 42. Qf5+ Kg8 43. Qc8+ 1/2-1/2

[Event "Saint Louis Rapid & Blitz"]
[Site "Saint Louis, MO USA"]
[Date "2022.08.27"]
[EventDate "2022.08.26"]
[Round "6.3"]
[Result "0-1"]
[White "Dominguez Perez, Leinier"]
[Black "Alireza Firouzja"]
[WhiteElo "2754"]
[BlackElo "2778"]
[PlyCount "64"]

1. e4 c6 2. d4 d5 3. e5 Bf5 4. Nf3 e6 5. Be2 Ne7 6. c3 h6 7. O-O Nd7 8. Nbd2 a5
9. a4 Bh7 10. Nb3 Qb6 11. Ne1 Nf5 12. Bd3 Be7 13. Nd2 g5 14. h3 Nh4 15. Bxh7
Rxh7 16. Ndf3 Ng6 17. Nc2 Qa6 18. Nfe1 h5 19. g3 g4 20. h4 f6 21. exf6 Nxf6 22.
Bg5 Ne4 23. Bxe7 Rxe7 24. Nd3 O-O-O 25. Re1 e5 26. dxe5 Rf8 27. Rxe4 dxe4 28.
Nc5 Qc4 29. Qd6 Qf7 30. Rf1 Nxe5 31. Ne3 Qf6 32. Qd1 0-1

[Event "Saint Louis Rapid & Blitz"]
[Site "Saint Louis, MO USA"]
[Date "2022.08.28"]
[EventDate "2022.08.26"]
[Round "7"]
[Result "1/2-1/2"]
[White "Alireza Firouzja"]
[Black "I Nepomniachtchi"]
[WhiteElo "2778"]
[BlackElo "2792"]
[PlyCount "92"]

1. d4 Nf6 2. c4 e6 3. Nf3 d5 4. Nc3 c5 5. e3 Nc6 6. a3 dxc4 7. Bxc4 a6 8.
Ba2 b5 9. Qc2 cxd4 10. exd4 Nxd4 11. Nxd4 Qxd4 12. Nd5 Nxd5 13. Qc6+ Ke7
14. Qxa8 Qe5+ 15. Kf1 Qd4 16. Bg5+ Kd7 17. Bxd5 Qxd5 18. Qxd5+ exd5 19. Rd1
Bb7 20. Be3 b4 21. axb4 Bxb4 22. Bd4 Rc8 23. h4 Rc2 24. Rh3 g6 25. Rf3 f5
26. h5 a5 27. hxg6 hxg6 28. Rg3 Ba6+ 29. Kg1 Be2 30. Ra1 Bh5 31. Rd3 Be2
32. Re3 Bh5 33. Re5 Kd6 34. Re8 Kd7 35. Rb8 Be2 36. Rb6 g5 37. Rg6 g4 38.
Bc3 Bc5 39. Bxa5 Rxb2 40. Bc3 Rb3 41. Be5 Bc4 42. Rd1 Bd3 43. Rc1 Bc4 44.
Rd1 Bd3 45. Rc1 Bc4 46. Rd1 1/2-1/2

[Event "Saint Louis Rapid & Blitz"]
[Site "Saint Louis, MO USA"]
[Date "2022.08.28"]
[EventDate "2022.08.26"]
[Round "8"]
[Result "1/2-1/2"]
[White "Alireza Firouzja"]
[Black "L Aronian"]
[WhiteElo "2778"]
[BlackElo "2775"]
[PlyCount "48"]

1. e4 e5 2. Nf3 Nc6 3. Bb5 Nf6 4. d3 Bc5 5. c3 O-O 6. O-O Re8 7. Bg5 a6 8.
Bxc6 dxc6 9. Bh4 Be7 10. Bg3 Bd6 11. Nbd2 Nh5 12. Bh4 Qd7 13. Nc4 Qg4 14.
Bg5 Nf4 15. Ne3 Qh5 16. Bxf4 exf4 17. Nc4 Bg4 18. h3 Bxh3 19. gxh3 Qxh3 20.
Nxd6 cxd6 21. Ng5 Qh4 22. Nf3 Qh3 23. Ng5 Qh4 24. Nf3 Qh3 1/2-1/2

[Event "Saint Louis Rapid & Blitz"]
[Site "Saint Louis, MO USA"]
[Date "2022.08.28"]
[EventDate "2022.08.26"]
[Round "9.2"]
[Result "1/2-1/2"]
[White "Vachier-Lagrave, Maxime"]
[Black "Alireza Firouzja"]
[WhiteElo "2757"]
[BlackElo "2778"]
[PlyCount "30"]

1. e4 e5 2. Nf3 Nc6 3. Bb5 Nf6 4. O-O Nxe4 5. d4 Nd6 6. dxe5 Nxb5 7. a4 Nbd4 8.
Nxd4 d5 9. exd6 Nxd4 10. Qxd4 Qxd6 11. Qe4+ Qe6 12. Qd4 Qd6 13. Qe4+ Qe6 14. Qd4 Qd6 15. KxK 1/2-1/2

[Event "Saint Louis Rapid & Blitz"]
[Site "Saint Louis, MO USA"]
[Date "2022.08.29"]
[EventDate "2022.08.25"]
[Round "2"]
[Result "1/2-1/2"]
[White "Jeffery Xiong"]
[Black "Alireza Firouzja"]
[WhiteElo "2690"]
[BlackElo "2778"]
[PlyCount "70"]

1. d4 Nf6 2. Nf3 d5 3. Bf4 c5 4. e3 Nc6 5. Nbd2 Bg4 6. c3 e6 7. Qb3 Qc8 8.
h3 Bh5 9. g4 Bg6 10. Nh4 Be7 11. Nxg6 hxg6 12. Be2 Qd7 13. Kf1 cxd4 14.
exd4 Bd6 15. Be3 Qc7 16. Kg2 Bf4 17. Bxf4 Qxf4 18. Qxb7 O-O 19. Nf3 Rfc8
20. Qa6 Rab8 21. Rab1 Ne4 22. Rhd1 Rc7 23. Qd3 g5 24. Qc2 Ne7 25. Bd3 Ng6
26. Re1 f5 27. gxf5 g4 28. Bxe4 gxf3+ 29. Kh1 dxe4 30. fxg6 Qf5 31. Kh2
Qf4+ 32. Kh1 Qf5 33. Kh2 Qf4+ 34. Kh1 Qf5 35. Kh2 1/2-1/2

[Event "Saint Louis Rapid & Blitz"]
[Site "Saint Louis, MO USA"]
[Date "2022.08.29"]
[EventDate "2022.08.25"]
[Round "4"]
[Result "1/2-1/2"]
[White "L Aronian"]
[Black "Alireza Firouzja"]
[WhiteElo "2775"]
[BlackElo "2778"]
[PlyCount "106"]

1. e4 e5 2. Nf3 Nc6 3. Bb5 Nf6 4. d3 Bc5 5. Bxc6 dxc6 6. O-O Nd7 7. c3 h6
8. d4 exd4 9. cxd4 Bd6 10. Nc3 O-O 11. Be3 Nb6 12. Ne5 Bxe5 13. dxe5 Nc4
14. Bc5 Qxd1 15. Raxd1 Re8 16. f4 b6 17. b3 Bg4 18. Rc1 Nxe5 19. fxe5 bxc5
20. Na4 c4 21. Rf4 Be6 22. Nc5 cxb3 23. axb3 Rab8 24. Ra1 Bxb3 25. Rxa7 Bc4
26. Rxc7 Rbc8 27. Rxc8 Rxc8 28. Kf2 Ra8 29. Ke3 Be6 30. Rf2 Re8 31. Rd2 Bc4
32. Rd6 Bf1 33. e6 fxe6 34. g3 e5 35. Rxc6 Bh3 36. Nd3 Bf1 37. Rc5 Bxd3 38.
Kxd3 Kf7 39. Kc4 Kf6 40. Rc6+ Kg5 41. Kd5 Re7 42. Re6 Ra7 43. Rxe5+ Kg4 44.
Ke6 g5 45. Rf5 Ra2 46. h4 gxh4 47. gxh4 Kxh4 48. Kf7 Kg4 49. Rf6 Ra7+ 50.
Kg6 Re7 51. Kxh6 Rxe4 52. Kg6 Rf4 53. Rxf4+ Kxf4 1/2-1/2

[Event "Saint Louis Rapid & Blitz"]
[Site "Saint Louis, MO USA"]
[Date "2022.08.29"]
[EventDate "2022.08.25"]
[Round "5"]
[Result "1/2-1/2"]
[White "Alireza Firouzja"]
[Black "F Caruana"]
[WhiteElo "2778"]
[BlackElo "2776"]
[PlyCount "182"]

1. c4 e5 2. d3 Nf6 3. Nf3 Nc6 4. a3 d5 5. cxd5 Nxd5 6. e4 Nb6 7. Be2 Be7 8.
Be3 O-O 9. O-O f5 10. b4 a6 11. Nbd2 f4 12. Bc5 Be6 13. Rc1 Bd6 14. Nb3 Kh8
15. d4 Bxb3 16. Qxb3 Nxd4 17. Bxd4 exd4 18. e5 Be7 19. Rfd1 Qd5 20. Qb1 c6
21. Rxd4 Qe6 22. Bd3 g6 23. h4 Rad8 24. Rxd8 Rxd8 25. Re1 Na4 26. Qc2 b5
27. Re4 c5 28. Rxf4 c4 29. Bxc4 bxc4 30. Qxa4 c3 31. Qc2 Rc8 32. Rd4 Qf5
33. Qc1 c2 34. Rd2 Qf4 35. Kf1 a5 36. Ke2 Qc4+ 37. Rd3 axb4 38. axb4 Rd8
39. Ne1 Bxb4 40. Qxc2 Qe4+ 41. Re3 Qxc2+ 42. Nxc2 Rd2+ 43. Kf3 Rxc2 44. e6
Be7 45. Rb3 Kg7 46. g4 Kf6 47. Rb6 Ke5 48. Kg3 Rc3+ 49. f3 Kd5 50. h5 g5
51. Kg2 Rc2+ 52. Kf1 h6 53. Ra6 Ke5 54. Rb6 Rd2 55. Ke1 Rd6 56. Rb5+ Kxe6
57. Ke2 Kf6 58. f4 gxf4 59. Rf5+ Ke6 60. Rxf4 Bg5 61. Re4+ Kd5 62. Ra4 Rb6
63. Kf3 Rb3+ 64. Kf2 Ke5 65. Rc4 Ra3 66. Rb4 Bh4+ 67. Ke2 Rg3 68. Ra4 Rg2+
69. Kf3 Rf2+ 70. Ke3 Rf1 71. Ra5+ Ke6 72. Ra6+ Kf7 73. Rxh6 Ra1 74. Rg6 Ra5
75. Rc6 Bg5+ 76. Ke4 Be7 77. Kf4 Kg7 78. Rg6+ Kf7 79. Rc6 Ra1 80. Ke4 Rf1
81. Rb6 Bg5 82. Rb7+ Kg8 83. Rb8+ Kf7 84. Rb7+ Be7 85. g5 Rh1 86. g6+ Kf6
87. g7 Kxg7 88. Rxe7+ Kh6 89. Re5 Re1+ 90. Kf4 Rxe5 91. Kxe5 Kxh5 1/2-1/2